00273pab a2200121 454500008004000000100001700040245003100057260000900088300001300097362000800110650002200118773001100140180718b1997 xxu||||| |||| 00| 0 eng d aBasu, Chitta aPioneer of Indian planning c1997 ap.7-8,17 aOct aEconomic planning aYojana